000 01337nam a2200217Ia 4500
003 Ost
005 20260416102358.0
008 260416s9999||||xx |||||||||||||| ||und||
040 _cfsecg
041 _aara
082 _a339
100 _aلولاشي، ليلى
_eمؤلف
245 0 _a الاقتصاد الكلي محاضرات وتمارين :
_bموجهة لطلبة السنة الثانية ل م د /
_c ليلى لولاشي
260 _aالجزائر
_bجامعة الجزائر3: كلية العلوم الإقتصادية، العلوم التجارية وعلوم التسيير
_c2020
300 _a152 ورقة
_bايضاحات
_c30 سم
504 _aمراجع ص.149
520 _aمدخل للاقتصاد الكلي، التوازن الكلي عند الكلاسيك، المدرسة الحديثة ( التحليل الكينزي ) ، التوازن الاقتصادي العام نموذج IS-LM فعالية السياسات الاقتصادية في ظل نموذج IS/LM
653 _aالاقتصاد الكلي
710 _aجامعة الجزائر3: كلية العلوم الإقتصادية، العلوم التجارية وعلوم التسيير
_eناشر علمي
942 _cHANDOUT
999 _c41296
_d41296